[Event "Asian Zonal 3.2 2019"]
[Site "Dhaka"]
[Date "2019.03.20"]
[Round "6.5"]
[White "Rahman, Taibur"]
[Black "Mohammad Fahad, Rahman"]
[Result "0-1"]
[WhiteElo "2226"]
[BlackElo "2278"]
[Annotator "TA"]
[PlyCount "118"]
[EventDate "2019.03.14"]
[EventType "swiss"]
[EventCountry "BAN"]
[SourceTitle "playchess.com"]
[Source "ChessBase"]
[SourceQuality "1"]

{[%evp 10,118,16,12,35,29,35,23,31,31,52,50,74,72,79,77,102,39,45,0,16,12,24,-6,-16,-33,-32,-76,-68,-83,-77,-110,-70,-81,-76,-112,-121,-152,-144,-121,-94,-104,-94,-182,-181,-189,-179,-190,-160,-180,-160,-160,-153,-156,-145,-135,-113,-125,-125,-137,-117,-162,-77,-79,-38,-35,0,-48,-52,-41,-50,-42,-52,-62,-56,-55,-48,-62,-24,-93,-100,-98,-88,-96,-96,-90,-95,-100,-61,-36,-45,-45,-44,-69,0,0,0,-531,-466,-524,-640,-852,-821,-769,-631,-937,-919,-842,-725,-2249,-2035]} 1. d4 Nf6 2. c4 e6 3. Nc3 d5 4. cxd5 exd5 5. Bg5 c6 6. e3 Be6 {D35: Queen's Gambit Declined: Exchange Variation} (6... Be7 7. Bd3 Nbd7 8. Nge2 Nf8 9. O-O Ne6 10. Bh4 g6 11. b4 a6 12. Na4 O-O 13. Nc5 Ng7 14. Rc1 Nfe8 15. Bxe7 Qxe7 16. a4 Nd6 {½-½ (43) Ding,L (2813)-Fedoseev,V (2724) Wijk aan Zee 2019}) 7. Bd3 Bd6 8. Qc2 Nbd7 {White has an edge.} 9. Nge2 Nf8 10. h3 $146 ({Predecessor:} 10. O-O Ng6 11. f3 Be7 12. Rad1 O-O 13. Kh1 Nd7 14. Bxe7 Qxe7 15. Rfe1 {1-0 (36) Acimovic,S (1824)-Jeler,L Portoroz 2018}) 10... a6 11. O-O h6 12. Bxf6 gxf6 13. Bf5 (13. Kh1 $16) 13... Rg8 14. Bxe6 (14. Ng3 $5) 14... fxe6 15. e4 Qd7 16. Kh1 Bc7 17. Na4 O-O-O 18. Qb3 Qg7 {[%csl Gg8][%cal Rg7g2]} 19. Rg1 Nd7 20. f3 Qg5 $40 {[%mdl 128] Black is up to no good.} 21. Rac1 Rg7 22. Rc2 Rdg8 23. Qd3 Qh4 {( -> ...Rxg2!)} 24. f4 Bxf4 {And now ...dxe4 would win.} 25. exd5 exd5 26. Qf5 (26. Nxf4 $17 {is a better defense.} Qxf4 27. Rf1) 26... Bc7 $1 $19 27. Nc5 Qg5 28. Qxg5 hxg5 ({But not} 28... Rxg5 29. Ne6 $17) 29. Ne6 Rh7 30. Nxc7 Kxc7 31. Rf1 g4 32. Kh2 gxh3 33. gxh3 Re8 34. Nf4 Kd6 35. Re2 Rxe2+ (35... Re4 $19 {is more deadly.} 36. Rxe4 dxe4) 36. Nxe2 {[%mdl 4096] Endgame KRN-KRN} Re7 37. Ng3 Rh7 38. Nf5+ Ke6 39. Kg3 c5 40. h4 cxd4 41. Nxd4+ Ke5 42. Nf3+ Kd6 $1 43. Nd4 Nc5 44. Nf5+ (44. b3 $11 {remains equal.}) 44... Ke5 $17 45. Kg4 Ne4 46. h5 d4 47. h6 d3 {White must now prevent ...d2.} 48. Kh5 Nd2 49. Rf2 $1 {[%cal Rf2d2]} Nc4 {aiming for ...d2.} 50. Kg6 $1 {[%cal Rg6h7]} Rh8 {Threatens to win with ...d2.} 51. Kg7 Rd8 ({Stronger than} 51... d2 52. Rxd2 Rxh6 53. Re2+ Kxf5 54. Kxh6 $16) ({Black should try} 51... Ra8 $1 $15 52. h7 d2) 52. h7 $1 $11 d2 {[#]} 53. Rf1 $2 {[%mdl 8192]} (53. Ne3 $1 $11 {[%mdl 512]} Nxe3 54. Rxd2 $1 {[%mdl 512]} Nf5+ 55. Kg6 Rxd2 56. h8=Q Rg2+ 57. Kf7) 53... Nxb2 {Black is clearly winning.} 54. Ne3 Ke4 55. Ng4 Rd7+ 56. Kg6 {[#]} Rxh7 $1 {[%mdl 576] Deflection} 57. Kxh7 {[#]} f5 $1 {[%cal Rf5g4]} 58. Nf6+ Kd4 59. Rf4+ Ke5 {[%mdl 64] Double Attack. Accuracy: White = 55%, Black = 47%.} 0-1

[Event "Asian Zonal 3.2 2019"]
[Site "Dhaka"]
[Date "2019.03.20"]
[Round "6.6"]
[White "Zia, Tahsin Tajwar"]
[Black "Reefat, Bin-Sattar"]
[Result "0-1"]
[WhiteElo "1981"]
[BlackElo "2419"]
[Annotator "TA"]
[PlyCount "42"]
[EventDate "2019.03.14"]
[EventType "swiss"]
[EventCountry "BAN"]
[SourceTitle "playchess.com"]
[Source "ChessBase"]
[SourceQuality "1"]

{[%evp 9,42,14,14,0,-7,-2,-1,-29,-37,-48,-34,-68,-35,-91,-78,-86,-73,-71,-74,-69,-67,-173,0,-245,-250,-431,-436,-755,-741,-733,-721,-1560,-1558,-1419,-1375]} 1. Nf3 d5 2. d4 Nf6 3. Bf4 Bf5 4. e3 e6 5. c4 Bxb1 6. Qxb1 {D02: 1 d4 d5 2 Nf3 sidelines, including 2...Nf6 3 g3 and 2...Nf6 3 Bf4} Bb4+ 7. Kd1 Bd6 8. c5 {The position is equal.} (8. Bxd6 Qxd6 9. c5 Qe7 10. Bd3 Nbd7 11. Qc2 c6 12. h3 g6 13. Qc3 O-O {½-½ (57) Sarana,A (2630)-Dreev,A (2670) chess.com INT 2019}) 8... Bxf4 9. exf4 b6 $146 ({Predecessor:} 9... Ne4 10. Ke1 Qf6 11. Qc1 O-O 12. Bd3 Nc6 13. Qe3 Qg6 {½-½ (36) Hermlin,A (2355)-Maki Uuro,M Turku 1990}) 10. b4 a5 11. a3 (11. Bd3 $15) 11... O-O {Hoping for ...Ne4.} 12. Bd3 axb4 13. axb4 Nc6 {Threatens to win with ...Ne4!} 14. Rxa8 Qxa8 15. b5 {[#]} (15. Ke2 $1 $15) 15... Ne7 $2 (15... Ne4 $1 $19 {[%mdl 512] aiming for ...Nc3+.} 16. Ke1 (16. Bxe4 dxe4) 16... Qa5+ 17. Kf1 Nb4 18. Bxe4 dxe4 19. Qxe4 Qxb5+ 20. Qe2 Qc6) 16. c6 $2 {[#]} (16. cxb6 $11 {and White is okay.} Ne4 17. Qb2 cxb6 18. Ke2) 16... Ne4 $1 $19 {[%mdl 512]} 17. Bxe4 $2 (17. Ke1) 17... dxe4 {Black is clearly winning.} 18. Ne5 (18. Nd2 $142 Nd5 19. Qb2) 18... Qa4+ 19. Ke2 f6 20. Nd7 Qc4+ 21. Kd2 Ra8 {Accuracy: White = 22%, Black = 79%.} 0-1

[Event "Asian Zonal 3.2 2019"]
[Site "Dhaka"]
[Date "2019.03.20"]
[Round "6.7"]
[White "Mohammad, Javed"]
[Black "Mehdi Hasan Parag"]
[Result "0-1"]
[WhiteElo "2151"]
[BlackElo "2229"]
[Annotator "TA"]
[PlyCount "114"]
[EventDate "2019.03.14"]
[EventType "swiss"]
[EventCountry "BAN"]
[SourceTitle "playchess.com"]
[Source "ChessBase"]
[SourceQuality "1"]

{[%evp 19,114,20,19,0,2,0,39,6,10,8,16,-7,26,29,43,39,57,60,60,48,58,10,45,-48,-63,-60,-53,-79,-61,-105,-99,-96,-100,-262,-110,-109,-100,-222,-193,-190,-184,-167,-173,-277,-263,-316,-295,-350,-330,-352,-337,-389,-337,-428,-359,-516,-473,-692,-692,-675,-675,-788,-767,-790,-678,-737,-674,-1761,-1129,-3244,-2815,-29987,-29988,-29981,-814,-795,-787,-1083,-724,-694,-662,-655,-646,-635,-627,-887,-887,-1381,-1289,-5277,-863,-12844,-10851,-6478,-4723,-2652,-2105]} 1. e4 c6 2. d4 d5 3. Nc3 dxe4 4. Nxe4 Bf5 5. Ng3 Bg6 6. Nf3 e6 7. Bd3 Nf6 8. O-O {B18: Classical Caro-Kann: 4...Bf5 sidelines} Be7 (8... Bd6 9. Qe2 O-O 10. Rd1 Qc7 11. b3 Nbd7 12. c4 Rfe8 13. Bb2 e5 14. dxe5 Nxe5 15. Nxe5 Bxe5 {0-1 (119) Erenburg,S (2589)-Mamedyarov,S (2817) chess.com INT 2019}) 9. Re1 O-O 10. Bxg6 hxg6 {LiveBook: 5 Games} 11. Bf4 $146 ({Predecessor:} 11. Qe2 c5 12. dxc5 Bxc5 13. Ne4 Be7 14. Nxf6+ Bxf6 15. c3 Nc6 {0-1 (41) Demchenko,A (2679)-Tari,A (2620) St Petersburg 2018}) 11... Qb6 12. c4 Nbd7 13. Qe2 Rfe8 14. c5 Qd8 15. b4 Nd5 16. Bd2 Bf8 17. a4 a6 18. Rab1 Qc7 19. Qe4 Be7 20. Rb3 b6 21. Ng5 (21. Qc2 $14) 21... Bxg5 $1 $15 22. Bxg5 e5 {[%cal Be6e5,Be5d4][%mdl 32]} 23. Rd1 b5 24. axb5 axb5 25. Qh4 {[#] Ne4 is the strong threat.} exd4 26. Ne4 $2 (26. Qxd4 $17 Qe5 27. Be3) 26... Rxe4 (26... Qe5 $19 {and Black stays clearly on top.} 27. f3 (27. Rh3 f6 $19) 27... Nc3) 27. Qxe4 $17 Nc3 28. Qh4 (28. Rxc3 $17 dxc3 29. g3) 28... f6 ({Stronger than} 28... Nxd1 29. Rh3 $11) 29. Re1 fxg5 $40 {[%mdl 128] Black has strong attack.} 30. Qxd4 Nd5 31. g3 (31. Qe4 $142 Nf8 32. Rf3) 31... N7f6 $19 32. Re5 g4 33. Rb1 Qf7 34. Re2 Ra3 35. Re5 Kh7 36. Qb2 Ra4 37. Qd2 (37. Qd4 $142) 37... Nd7 38. Re2 (38. Re4 $142) 38... Qf5 39. Rbe1 Rxb4 40. Re6 Rc4 41. R6e2 Rxc5 42. Qa5 N5f6 43. Qd8 Re5 44. Rxe5 Nxe5 45. Ra1 Nf3+ 46. Kf1 Qd5 (46... Ne4 $142 47. Ra2 Qc5 48. Qd1 Qc4+ 49. Re2 Nc3 50. Qc2 Nd4 51. Qxc3 Qxe2+ 52. Kg2 Qe4+ 53. Qf3 Qxf3+ 54. Kg1 c5 55. h4 gxh3 56. Kh2 Qg2#) 47. Qxd5 {Black is clearly winning.} Nxd5 48. h3 gxh3 49. Ke2 Nd4+ 50. Kd3 Ne6 51. Rh1 Kg8 52. Ke4 b4 {[%cal Bb5b4,Bb4b3][%mdl 32]} 53. f4 b3 54. Kd3 g5 {[%cal Bg6g5,Bg5g4][%mdl 32]} 55. f5 Nc5+ 56. Kc4 Ne4 57. Kxb3 g4 {Precision: White = 18%, Black = 57%.} 0-1

[Event "Asian Zonal 3.2 2019"]
[Site "Dhaka"]
[Date "2019.03.20"]
[Round "6.8"]
[White "Nayem, Haque"]
[Black "Hossain, Showkat Pollab"]
[Result "1-0"]
[WhiteElo "2000"]
[BlackElo "2162"]
[Annotator "TA"]
[PlyCount "123"]
[EventDate "2019.03.14"]
[EventType "swiss"]
[EventCountry "BAN"]
[SourceTitle "playchess.com"]
[Source "ChessBase"]
[SourceQuality "1"]

{[%evp 9,123,39,54,30,46,35,45,0,8,-5,-6,-12,0,-15,-12,-8,-18,-52,-52,-60,-27,-77,-7,-17,0,0,0,0,0,0,0,-35,-29,-36,-23,-31,-18,-41,-31,-53,-38,-38,-31,-31,-31,-38,-38,-76,-38,-38,-45,-55,-38,-38,-38,-38,0,-9,0,0,0,0,9,0,8,0,41,0,73,80,75,0,22,0,0,0,0,-25,1,6,15,0,201,191,193,202,371,86,84,87,87,87,5297,4678,5332,5056,2383,1374,5537,1425,29955,12537,9998,5081,29965,29966,29962,12738,9014,12437,29975,29976,29973,29973,29970,29971]} 1. e4 c5 2. d4 Nf6 3. e5 Nd5 4. c4 Nc7 (4... Nb4 5. d5 d6 6. a3 Qa5 7. Bd2 Bf5 8. Nf3 e6 9. dxe6 fxe6 10. Be2 N8c6 11. O-O O-O-O {1-0 (19) Afromeev,V (2573)-Sergeev,G (2412) Tula 2006}) 5. d5 d6 6. exd6 {B03: Alekhine's Defence: Four Pawns Attack} exd6 7. Nf3 Bg4 8. Bg5 $146 {White is slightly better.} ({Predecessor:} 8. Bd3 Qf6 9. Nbd2 Qe7+ 10. Be2 g6 11. O-O Bg7 {1-0 (51) Birkholz,M (1976)-Noll,S (1963) Hockenheim 2009}) 8... Be7 9. Bxe7 (9. Bf4 {looks sharper.} O-O 10. h3 Bh5 11. g4 Bg6 12. Be2) 9... Qxe7+ 10. Qe2 Bxf3 11. gxf3 Nd7 12. Qxe7+ Kxe7 13. Nd2 f5 14. O-O-O Kf6 15. Rg1 Rhe8 (15... g5 $17) 16. f4 $11 Nf8 17. Bd3 Re7 18. Nf1 Rb8 19. Ne3 g6 20. Rge1 a6 21. a4 Nd7 22. Kc2 Ne8 23. Rg1 Ng7 24. b3 Rbe8 25. Kd2 Nh5 26. Ng2 Kf7 27. Rge1 Ndf6 28. f3 Ng7 (28... a5 {feels hotter.} 29. Ra1 Rd7 30. Reb1 Ng7 31. Kc3 Rde7) 29. Rxe7+ Rxe7 30. Re1 Rd7 31. a5 Rd8 32. Bc2 Rb8 33. Rb1 Nd7 34. Ne1 Nh5 35. Nd3 h6 36. Re1 {Threatens to win with Re6.} Rd8 37. Re6 Ndf6 (37... Nf8 {with more complications.} 38. Re1 Nd7) 38. Re1 (38. Kc3 {is more complex.} g5 39. h3 Ng7 40. Re1 g4 41. fxg4 fxg4 42. hxg4 Nxg4 43. b4) 38... Rc8 (38... Nd7 $11 {remains equal.}) 39. Rb1 $1 $16 Nd7 40. Re1 (40. b4 $1 $16) 40... Ng7 41. Nf2 Kf6 42. h4 Ra8 43. Nh1 Rd8 44. Ng3 Nf8 45. h5 Re8 $2 (45... gxh5 $11 46. Rh1 Kg6) 46. Rxe8 $18 Nxe8 47. hxg6 Ng7 $2 {[#]} (47... h5 48. Nxh5+ Kxg6) 48. Nxf5 $2 (48. Bxf5 $1 $18 {[%mdl 512] and the rest is easy.} Nxg6 (48... Nxf5 49. Nxf5) 49. Bc8) 48... Nxf5 $16 49. Bxf5 {aiming for Bc8.} Nxg6 $18 {[%mdl 4096] Endgame KB-KN} 50. Bc8 Nxf4 $2 {[%mdl 8192]} (50... h5 $16) 51. Bxb7 Ke7 52. Bxa6 Kd8 53. Ke3 Ng2+ 54. Kf2 Nf4 55. Bb5 h5 56. Kg3 Ng6 57. a6 Kc7 58. Be8 h4+ 59. Kh3 Ne7 60. Kxh4 {White mates.} Nf5+ 61. Kg4 Nd4 62. Ba4 {Accuracy: White = 59%, Black = 30%.} 1-0

[Event "Asian Zonal 3.2 2019"]
[Site "Dhaka"]
[Date "2019.03.21"]
[Round "7.1"]
[White "Mollah Abdullah, Al Rakib"]
[Black "Rahman, Ziaur"]
[Result "1-0"]
[WhiteElo "2460"]
[BlackElo "2489"]
[Annotator "TA"]
[PlyCount "53"]
[EventDate "2019.03.14"]
[EventType "swiss"]
[EventCountry "BAN"]
[SourceTitle "playchess.com"]
[Source "ChessBase"]
[SourceQuality "1"]

{[%evp 19,53,20,39,33,45,8,21,8,41,-3,32,49,82,88,145,153,360,368,496,489,523,528,567,567,555,573,1535,1548,1557,1498,1674,1626,1850,1858,29989,2291]} 1. d4 d5 2. c4 e6 3. Nf3 Nf6 4. Nc3 Nbd7 5. e3 Be7 6. b3 O-O 7. Bb2 b6 8. cxd5 exd5 9. Bd3 Bb7 10. O-O Re8 11. Ne5 {E14: Queen's Indian: Classical Variation (4 e3)} a6 12. f4 c5 (12... Nf8 13. g4 Ne4 14. Nxe4 dxe4 15. Bc4 Bd5 16. a4 c6 17. g5 b5 18. axb5 cxb5 19. Bxd5 Qxd5 {1-0 (38) Riazantsev,A (2650)-Kuzubov,Y (2699) Riadh 2017}) 13. Qf3 {The position is equal.} b5 14. Qh3 {Nxd7 is the strong threat.} Nf8 (14... c4 $5 15. Bc2 (15. bxc4 dxc4 16. Bf5 Nf8 $15) 15... h5 $11) 15. dxc5 d4 $146 ({Predecessor:} 15... Bxc5 16. Ne2 Ne6 17. Rad1 Qb6 18. Ng4 Nxg4 19. Bxh7+ {1-0 (33) Soffer,R (2506)-Pavlov,A (2300) St Petersburg 2012}) 16. Ne2 $36 {[%mdl 2048] Keeping Black busy.} dxe3 ({Black should try} 16... Bxc5 17. Nxd4 (17. exd4 Bb6 $14) 17... Ng6) 17. b4 (17. Qxe3 Qd5 $15) 17... Nd5 $2 (17... Qc7 $16 {might work better.} 18. a3 (18. Qxe3 Nd5 $16) 18... Rad8) 18. Be4 $18 Qc7 19. Qf3 Rad8 {[#]} 20. c6 $1 {[%mdl 512]} Nf6 (20... Bxc6 21. Rac1) 21. cxb7 Nxe4 22. Qxe4 Rd2 23. Rac1 Qb8 24. Rc8 Rxc8 25. Qf5 (25. bxc8=R Qxc8 26. Nc6 (26. Qxe3 Qc2 $11) 26... Bh4 $16) 25... f6 26. bxc8=Q Qd6 27. Qc3 {Accuracy: White = 78%, Black =  6%.} (27. Qe8 $142 Rd1 {[#]} 28. Bd4 $1 {[%mdl 512]} Rxf1+ 29. Kxf1 Bd8 30. Nf7 Qe7 31. Qd5 $1 {[%mdl 512]} h6 32. Nxd8+ {[%mdl 64] Discovered Attack} Kh8 33. Qxe7 Kh7 34. Qxf8 a5 35. Qdf7 axb4 36. Q8xg7#) 1-0

[Event "Asian Zonal 3.2 2019"]
[Site "Dhaka"]
[Date "2019.03.21"]
[Round "7.2"]
[White "Mohammad Fahad, Rahman"]
[Black "Hossain, Enamul"]
[Result "1/2-1/2"]
[WhiteElo "2278"]
[BlackElo "2438"]
[Annotator "TA"]
[PlyCount "86"]
[EventDate "2019.03.14"]
[EventType "swiss"]
[EventCountry "BAN"]
[SourceTitle "playchess.com"]
[Source "ChessBase"]
[SourceQuality "1"]

{[%evp 15,86,34,31,31,30,32,32,36,32,32,54,40,40,33,19,-2,0,0,0,0,4,-7,-11,0,-7,-6,0,0,-10,-4,-2,-20,0,0,0,0,0,0,0,0,0,0,0,0,0,-43,-27,-37,-30,-39,0,-57,1,0,0,0,89,0,0,0,0,0,0,0,0,0,0,0,26,0,0,0,0]} 1. e4 e6 2. d4 d5 3. Nc3 Nf6 4. Bg5 Be7 5. e5 Nfd7 6. h4 c5 7. Bxe7 Kxe7 8. f4 Qb6 9. Na4 {C14: French: Classical System: 4 Bg5 Be7 main line} (9. Qd2 Nc6 10. O-O-O Nxd4 11. Nf3 Nc6 12. f5 h6 13. Qf4 d4 14. Nb5 exf5 15. e6 fxe6 16. Qd6+ Kf6 {0-1 (46) Guliev,L (2385)-Bajarani,U (2494) Baku 2015}) 9... Qa5+ 10. c3 b6 11. a3 {And now b4 would win.White is slightly better.} c4 $1 12. b4 $1 {[%cal Rb4a5]} cxb3 $1 13. Qxb3 Nc6 {...Nxd4 is the strong threat.} 14. Kf2 $146 ({Predecessor:} 14. Nf3 Ba6 15. Bxa6 Qxa6 16. Nb2 Na5 17. Qc2 Rac8 18. f5 {1-0 (18) Rodriguez,K (2352)-Groot,P (2133) ICCF email 2015}) 14... Ba6 15. Nf3 Rhc8 16. Nb2 Bxf1 17. Rhxf1 Rc7 18. c4 Nxd4 {[%mdl 64] [#] Decoy} 19. Nxd4 Qd2+ {[%mdl 64] Double Attack} 20. Ne2 $1 Nc5 21. Qb4 {[#]} Qxb2 $1 {[%mdl 512]} 22. cxd5 $1 (22. Qxb2 Nd3+) 22... exd5 {Hoping for ...Qxb4.} 23. Rfd1 Qxb4 (23... Qc2 {feels hotter.} 24. Rac1 Qg6 25. Rxd5 Kf8 26. Qb1 Qh5) 24. axb4 Ne4+ 25. Ke3 Rd8 26. Nd4 Kf8 27. Nb5 Rc4 28. Rd4 {Strongly threatening Rxc4.} Rc2 29. Rxa7 Rxg2 30. Nc7 Rg3+ 31. Ke2 Rb3 32. e6 {Threatens to win with e7+!} Rb2+ 33. Ke3 (33. Kf3 $11 Rb3+ 34. Kg2) 33... Rb3+ ({Black should play} 33... Ng3 $15 34. Rxd5 Rxd5 35. Nxd5 fxe6 36. Nxb6 Nf5+ 37. Kd3 Rxb4 {[%mdl 64] Double Attack} 38. Nd7+ Ke7 39. Nc5+ Kd6 40. Ne4+ Kc6 41. Ra6+ Rb6 42. Rxb6+ Kxb6) 34. Rd3 $11 Rxd3+ 35. Kxd3 {Black must now prevent f5.} Ke7 (35... Nd6 $11 {keeps the balance.}) 36. Nxd5+ (36. exf7 $16 Nf6 37. Na8+ Kf8 38. Kd4) 36... Kxe6 37. Kxe4 $16 {[%mdl 4096] Endgame KRN-KR} f5+ 38. Ke3 Kxd5 39. Rxg7 Kc4 40. Rxh7 Rd3+ 41. Ke2 {aiming for Rc7+.} Rh3 42. Rh5 Kxb4 43. Rxf5 Rxh4 {Accuracy: White = 72%, Black = 76%.} 1/2-1/2

[Event "Asian Zonal 3.2 2019"]
[Site "Dhaka"]
[Date "2019.03.21"]
[Round "7.3"]
[White "Mohammad Minhaz Uddin"]
[Black "Thilakarathne, G M H"]
[Result "1/2-1/2"]
[WhiteElo "2279"]
[BlackElo "2417"]
[Annotator "TA"]
[PlyCount "42"]
[EventDate "2019.03.14"]
[EventType "swiss"]
[EventCountry "BAN"]
[SourceTitle "playchess.com"]
[Source "ChessBase"]
[SourceQuality "1"]

{[%evp 18,42,9,0,6,-21,0,-17,-16,-15,-9,-8,-10,-10,0,-41,0,-10,0,-9,-9,-77,-68,-73,-68,-63,-71]} 1. e4 c5 2. Nf3 d6 3. d4 cxd4 4. Nxd4 Nf6 5. Nc3 a6 6. Be2 e5 7. Nb3 Be7 8. O-O O-O 9. Kh1 b6 10. Bg5 Nbd7 {B92: Sicilian Najdorf: 6 Be2} 11. Bf3 (11. Nd5 Bb7 12. Nxe7+ Qxe7 13. f3 h6 14. Bh4 g5 15. Bf2 d5 16. exd5 Nxd5 17. Re1 Rfd8 18. Bf1 Nf4 19. Qc1 Rac8 20. c3 a5 21. Qc2 Qf6 22. Rad1 h5 23. Nd2 Nc5 {½-½ (23) Jansa,V (2437)-Rashkovsky,N (2482) Bled 2018}) 11... Bb7 12. Qe2 b5 $146 {The position is equal.} ({Predecessor:} 12... Rc8 13. Rfd1 Qc7 14. Rac1 Rfe8 15. Nd2 b5 16. Bxf6 Nxf6 17. a3 Bc6 18. Nf1 {0-1 (26) Szabo,L (1991)-Juracsi,J Hungary 2005}) 13. a3 Rb8 14. Rfd1 Bc6 15. Nd2 Nc5 16. Nb3 {[#] aiming for Nxc5.} Ncd7 17. Nd2 Nc5 18. Nb3 {Black must now prevent Nxc5.} Na4 19. Bxf6 (19. Nxa4 $11 {remains equal.} bxa4 20. Nd2) 19... Bxf6 $17 20. Nxa4 bxa4 21. Nc5 Rxb2 {Accuracy: White = 52%, Black = 30%.} 1/2-1/2

[Event "Asian Zonal 3.2 2019"]
[Site "Dhaka"]
[Date "2019.03.21"]
[Round "7.4"]
[White "Reefat, Bin-Sattar"]
[Black "Abu Sufian, Shakil"]
[Result "1-0"]
[WhiteElo "2419"]
[BlackElo "2254"]
[Annotator "TA RC"]
[PlyCount "137"]
[EventDate "2019.03.14"]
[EventType "swiss"]
[EventCountry "BAN"]
[SourceTitle "playchess.com"]
[Source "ChessBase"]
[SourceQuality "1"]

{[%evp 16,137,17,9,37,37,39,36,65,31,64,54,58,34,103,112,112,105,103,112,135,115,119,115,145,133,129,131,208,222,212,204,280,277,298,154,156,135,152,161,196,175,237,218,231,127,139,75,73,84,72,72,77,28,107,22,23,15,22,23,28,0,6,6,8,8,8,8,8,8,12,8,53,53,53,53,53,53,53,53,53,32,35,35,36,0,0,0,0,0,0,0,0,0,0,0,0,0,0,0,0,0,0,0,0,0,0,0,0,0,0,0,0,0,0,0,0,0,0,0,0,0,0,0]} 1. e4 c5 2. Nf3 d6 3. d4 cxd4 4. Nxd4 Nf6 5. Nc3 a6 6. g3 e5 7. Nde2 Be7 8. Bg2 Nbd7 9. a4 b6 {B91: Sicilian Najdorf: 6 g3} 10. Nd5 Nxd5 11. Qxd5 Ra7 {White is slightly better.} (11... Rb8 12. Nc3 O-O 13. O-O Bb7 14. Qd1 Rc8 15. Re1 h6 16. Bh3 Rc6 17. Bxh6 gxh6 18. Qg4+ Bg5 19. Qxd7 Qxd7 20. Bxd7 Rc7 21. Bf5 {1-0 (33) Giri,A (2773)-Nepomniachtchi,I (2767) Wijk aan Zee 2017}) 12. Nc3 Bb7 $146 ({Predecessor:} 12... Rc7 13. Be3 Bb7 14. Qd2 O-O 15. O-O Qa8 16. Nd5 Bxd5 17. exd5 {½-½ (53) Faibisovich,V (2410)-Justin,M (2330) Pula 1990}) 13. Qd1 O-O 14. O-O f5 ({Better is} 14... Ra8 $14) 15. exf5 $16 Bxg2 16. Kxg2 Rxf5 17. Be3 Ra8 18. Nd5 $36 {[%mdl 2048] White has strong initiative.} Rf7 19. Ra3 Nc5 20. Bxc5 bxc5 21. Rf3 Rb8 (21... Rf8 $16) 22. Rxf7 $18 Kxf7 23. b3 Bf8 24. Qd3 Qc8 25. f4 ({White should play} 25. Qxh7 $18 Qe6 26. Qe4) 25... Kg8 $16 26. f5 c4 27. bxc4 ({Don't take} 27. Qxc4 $6 Qxc4 28. bxc4 Rb2 $14) 27... Qe8 28. a5 e4 (28... Rc8 $142 29. f6 Kh8 30. fxg7+ Bxg7) 29. Qd4 $18 Qe5 30. Qxe5 (30. Qa7 $18 Rb2 31. Rf2 (31. Qxa6 Rxc2+ 32. Kh3 e3 $11)) 30... dxe5 {[%mdl 4096] Endgame KRB-KRN} 31. Re1 (31. f6 $142 {aiming for f7+.} Kf7 32. fxg7+ Kxg7 33. Rf2) 31... Rb2 $16 32. Rxe4 Rxc2+ 33. Kf3 Bd6 34. Nb6 Ra2 (34... Rxh2 $11 35. Nd7 Rc2) 35. c5 (35. Re2 $16 Rxa5 36. Ke4) 35... Bxc5 $11 36. Rxe5 Rxa5 37. Nc4 Rb5 38. Ke2 Kf7 39. g4 Be7 40. Re6 a5 41. Ra6 Rc5 42. Kd3 h5 43. Kd4 {Black must now prevent Ne5+.} ({Much worse is} 43. Rxa5 Rxa5 44. Nxa5 hxg4 $15) 43... hxg4 44. Ne5+ {[%mdl 64] [#] Double Attack} Kg8 45. Ra7 Bd6 46. Ra8+ $1 Kh7 47. Nf7 {[%csl Gf7][%cal Ra8h8]} Rxf5 48. Rh8+ Kg6 49. Nxd6 Rh5 50. Rxh5 (50. Ra8 {with more complications.} Rxh2 51. Rxa5 Rd2+ 52. Ke5 g3 53. Ra3) 50... Kxh5 $14 {KN-K3P. The position is equal.} 51. Ke3 a4 52. Nc4 Kh4 53. Kf4 Kh3 54. Na3 Kxh2 55. Kxg4 $11 {KN-KPP} Kg2 56. Kg5 Kf3 57. Kg6 Ke3 58. Kxg7 {KN-KP} Kd3 59. Kf6 Kc3 60. Ke5 Kb3 61. Nb5 Kc4 62. Na3+ Kb4 63. Nc2+ Kb3 64. Nd4+ Kc4 65. Nc2 Kc3 66. Na3 Kb3 67. Nb5 Kb4 68. Nd4 Kc4 69. Nc2 {Accuracy: White = 66%, Black = 44%.} 1-0

[Event "Asian Zonal 3.2 2019"]
[Site "Dhaka"]
[Date "2019.03.21"]
[Round "7.5"]
[White "Mehdi Hasan Parag"]
[Black "Nayem, Haque"]
[Result "1/2-1/2"]
[WhiteElo "2229"]
[BlackElo "2000"]
[Annotator "TA"]
[PlyCount "81"]
[EventDate "2019.03.14"]
[EventType "swiss"]
[EventCountry "BAN"]
[SourceTitle "playchess.com"]
[Source "ChessBase"]
[SourceQuality "1"]

{[%evp 13,81,49,51,34,37,39,38,34,34,23,47,40,53,0,0,0,37,22,31,-9,-15,0,0,-63,-60,-52,0,0,0,0,18,8,17,1,60,24,33,0,0,0,0,0,0,-37,-20,-7,-6,-45,-49,-40,0,0,0,-1,-6,-43,-31,-66,-38,-37,0,0,0,0,0,0,0,0,0,0]} 1. e4 e5 2. Nf3 Nc6 3. Bc4 Be7 4. O-O Nf6 5. d3 d6 6. a4 Bg4 7. c3 Qd7 8. a5 {C55: Two Knights: 4 d3, 4 d4 exd4 5 e5 and Max Lange Attack} a6 9. Nbd2 O-O 10. h3 {White is slightly better.} Be6 11. Re1 Bxc4 $146 ({Predecessor:} 11... Kh8 12. Nf1 Rad8 13. Bd2 Bxc4 14. dxc4 Nb8 15. Ng3 Qc6 {½-½ (30) Hansen,S (2566)-Ipatov,A (2591) Germany 2011}) 12. Nxc4 Rfe8 13. d4 (13. Bd2 $14) 13... exd4 $11 14. cxd4 d5 15. Nce5 Qc8 16. Qb3 Nxe5 17. Nxe5 Qe6 18. f3 (18. Qxb7 $11 Nxe4 19. Qxc7) 18... c5 $15 19. Be3 dxe4 (19... Rad8 $15) 20. Qxe6 $11 fxe6 21. dxc5 exf3 22. Nxf3 Nd5 23. Bd4 Bf6 (23... Nb4 $11) 24. Rab1 Rad8 25. Re4 Bxd4+ 26. Rxd4 e5 {[%cal Be6e5,Be5e4,Be4e3][%mdl 32]} 27. Re4 Nf6 28. Re2 Rd5 29. b4 e4 $36 {[%mdl 2048] Black has good play.} 30. Nd2 Rd4 31. b5 e3 32. Nf3 Ra4 33. c6 bxc6 34. b6 Rxa5 {And now ...Rb5 would win.} 35. Nd4 Nd7 {Hoping for ...Rd5.} 36. Nxc6 Rb5 37. Rxb5 {The position is equal.} axb5 38. b7 {Threatening Kf1.} Nb8 39. Nd4 Re7 40. Nxb5 Rxb7 41. Nc3 {Precision: White = 55%, Black = 57%.} 1/2-1/2